02247nam a22002657a 450000500170000000800410001702000180005804000070007604100120008308200210009510000330011624500460014925000060019526000440020130000260024536500530027152014990032465000440182365000170186765000160188470000240190070000190192470000170194370000210196020221014094317.0220919b ||||| |||| 00| 0 eng d a9789351420880 cAL aEnglish 223a543.08bCHAI aGurdeep R Chatwal and others aInstrumental methods of Chemical Analysis a5 aMumbaibHimalaya Publishing Housec2022 a780 p.bPBc24x18 cm. a4206b₹559.00c₹d₹698.00e20%f13-09-2022 aThe pace of change in Instrumental Methods of Chemical Analysis has continued unabated since the last edition was published and in some areas the change have been dramatic. Most instrumental techniques have benefitted from these developments in terms of reliability, versatility and the processing and presentation of data. We have tried to indicate the nature of recent changes and developments without compromising the principal subject matter of the book which remains the instrumental techniques themselves and their applications. As with the new edition, the format of the book has been changed. The significant alterations and additions have been made in each instrumental techniques. Line diagrams have been redrawn to make the book more illustrated. New instrumental techniques have been added, the uses of which have been growing steadily in the recent past. The wide range and new standardized of this book make it the ideal reference work for all undergraduate and postgraduate students of chemistry, biochemistry, industrial chemistry, environmental science, pharmacy, microbiology, biotechnology, geology, materials science and related disciplines. This book is also useful for anyone who uses chemical analysis in their work. With this book, the users can find information about the most instrumental techniques in an understandable forms, simplifying decision about which instrumental techniques can provide the information they are seeking on chemical composition and structure. aChemical Analysis(analytical chemistry) aspectroscopy acolorimetry aCHATWAL (Gurdeep R) aANAND (Sham K) aARORA (M) Ed aANAND (Aseem) Ed